000 00406nam a22001697a 4500
003 NUST - PNEC
005 20170116181132.0
008 151006b xxu||||| |||| 00| 0 eng d
020 _a-
040 _cLIBRARY
082 _a808 KAM
100 _914055
_aKamal, Rai Muhammad
245 _aAqwal e zaren
_cRai Muhammad Kamal
260 _c-
650 _914058
_aLiterature
_xGeneral
942 _2ddc
_cBK
999 _c70044
_d70044